French Verbs Present Tense (Simple) Irregular Verb Conjugations - Statistics

General Stats
  • This quiz has been taken 14 times
  • The average score is 22 of 24
Answer Stats
Subject (Verb) Answer % Correct
Il/Elle/On A
100%
Tu As
100%
Vous Avez
100%
Nous Avons
100%
Tu Es
93%
Il/Elle/On Est
93%
Vous Êtes
93%
Je Fais
93%
Tu Fais
93%
Il/Elle/On Fait
93%
Nous Somme
93%
Ils/Elles Sont
93%
Je Suis
93%
Vous Allez
86%
Nous Allons
86%
Nous Faisons
86%
Je J'ai
86%
Ils/Elles Ont
86%
Il/Elle/On Va
86%
Je Vais
86%
Tu Vas
86%
Ils/Elles Vont
86%
Ils/Elles Font
79%
Vous Faites
64%
No matching quizzes found
Score Distribution
Percent of People with Each Score
Percentile by Number Answered
Your Score History
You have not taken this quiz